WWE - Vainqueur Élimination Chamber - Statistiques

Statistiques générales
  • Ce quiz a été pris 184 fois
    124 depuis la dernière actualisation
  • Le résultat moyen est 22 sur 34
Statistiques - réponses
Hint Réponse % Correct
2006 John Cena
99%
2010 John Cena
99%
2011 John Cena
99%
2025 John Cena
99%
2014 Randy Orton
95%
2026 Randy Orton
95%
2003 Triple H
89%
2005 Triple H
89%
2008 Triple H
89%
2009 Triple H
89%
2018 Roman Reigns
84%
2009 Edge
79%
2011 Edge
79%
2026 Rhea Ripley
78%
2008 Undertaker
78%
2002 Shawn Michaels
77%
2022 Brock Lesnar
65%
2012 Daniel Bryan
64%
2019 Daniel Bryan
64%
2021 Daniel Bryan
64%
2017 Bray Wyatt
62%
2010 Chris Jericho
59%
2012 CM Punk
59%
2022 Bianca Belair
57%
2021 Drew Mcintyre
57%
2024 Drew Mcintyre
57%
2018 Alexa Bliss
37%
2006 Bobby Lashley
35%
2013 Jack Swagger
35%
2015 Ryback
31%
2015 The New Day
31%
2023 Austin Theory
28%
2019 Bayley & Sasha Banks
11%
2020 The Miz & John Morrison
10%
Aucun quiz correspondant
Distribution des résultats
% des personnes avec chaque résultat
Percentile par nombre de réponses
Votre historique - résultats
Vous n’avez pas pris ce quiz depuis la dernière actualisation